000 00385nam a2200133Ia 4500
008 100328s9999 xx 000 0 und d
082 _b28480
100 _aआपटे वा.शि.
245 _aचिंता का करता
260 _bसरिता
630 _aचिंता का करता
730 _aचिंता का करता
942 _cBOOK
999 _c519902
_d519899